00326nam a22000977a 450000500170000000800410001702000150005804000080007324500820008126000650016320200903162501.0200903b ||||| |||| 00| 0 eng d a0751716103 cCML aTechnican Units 8 and 9: Managing Performance and Controlling Resources.cAAT aLondonbBPP Professional Education Publishing Companyc2004